000 00676nam a2200241Ia 4500
003 OSt
005 20220928122346.0
006 a|||||r|||| 00| 0
007 ta
008 220927b |||||||| |||| 00| 0 eng d
024 _a32922
037 _cTextual
040 _aSDCL
_cSDCL
_beng
041 _2eng
_aeng
082 _aS, M0
100 _aRibber R W Ed.
_9457702
245 0 _aPsychology
_b Theoretical-historical perspectives.
260 _aNew York
_b Academic Press
_c1980
300 _axiv,364p.
_ccm.
700 _a Salzinger Kurt Ed.
_9457703
942 _hS, M0
_cTEXL
_2CC
999 _c771144
_d771144